MDQL
is popping MORE tags! Check the
thread
!
Quizzes
Events
Quiz Creation
Community
Videos
Private Events
Remove Ads
Sign In
Join for FREE
Feedback
Dark Mode
Quiz Categories
Sports
Geography
Music
Movies
Television
Just For Fun
Miscellaneous
History
Literature
Language
Science
Gaming
Entertainment
Religion
Holiday
For Kids
Quiz Lab
Recent
Popular Today
Quiz Kudos Today
Editor Picks
Curator Picks
Quizzes by...
Day
Popularity
Type
Ratings
Length
Year
Community
Subscriptions
Recent Discussions
Orange Saloon
Badges
Playlists
Quests
Create
Leaderboards
Showdown
Live 5
Trivia Bingo
Activity
Puzzle Library
Sporcle Events
Private Events
Virtual Trivia
Globe League
Become a Host
Pub Owners
SporcleCon
Opinionation
Our Games
Videos
Blog
Mobile Apps
Partnerships
Remove Ads and Go Orange
Feedback
Gaming
Video Games
Board Games
Card Games
Pokémon
Mario
Nintendo
Minecraft
Console
Toys
Legend of Zelda
Gaming
Video Games
Board Games
Card Games
Pokémon
Mario
Nintendo
Minecraft
Console
Toys
Legend of Zelda
Random Quiz
Search Sporcle
×
Curator Pick
Curator Pick
Gaming
Nintendo
Type in answers that appear in a list
Type in answers that appear in a list
Classic
Best Score? Go Orange.
Legend of Zelda: Oracle of Seasons by Numbers Stats
Can you name the numbers associated with The Legend of Zelda: Oracle of Seasons?
By
RainmanDX
3m
20 Questions
400 Plays
400 Plays
400 Plays
Comments
Comments
Give Quiz Kudos
Give Quiz Kudos
-
- Ratings
hide this ad
More Info
Forced Order
Answers have to be entered in order
Answers have to be entered in order
Random Order
Randomize order of answers
Randomize order of answers
Replay
Link that replays current quiz
Next Quiz
Link to next quiz in quiz playlist
You Got
0%
They Got
Avg Score
62%
Avg Friend Score
Upgrade to see
Score Distribution
Jump to the score distribution portion of the page
Score
0/20
Timer
03:00
0
Plays Today
The Number Of...
Number
% Correct
Season Spirits in the Temple of Seasons
4
79.4%
Different seeds Link can use in his adventure
5
79.1%
Horns on Aquamentus
1
78.4%
Female Subrosians, apparently
2
76.1%
Animal companions Link may join forces with during his travels
3
75.9%
Dungeons Link must traverse to save Holodrum
9
75.6%
Warps between Holodrum and Subrosia
7
73.6%
Rupees Link must bet on a boxing match with Blaino
10
71.9%
Different types of Ore found in Subrosia (including Chunks)
8
70.9%
Rupees Vasu charges for a general ring appraisal
20
70.9%
The Number Of...
Number
% Correct
Trades before acquiring the Noble Sword
12
69.8%
Ore Chunks a Gold Ore Chunk is equivalent to
50
64.1%
Ore Chunks Link can hold at any one time
999
62.8%
Hearts a Gel will damage Link if contacted
0
61.1%
Holodrum enemies to defeat to summon Maple (no ring)
30
56%
Rupees Link will receive in exchange for 25 Ore Chunks
25
49%
Total seeds of all kinds an upgraded Seed Satchel can hold
250
41.5%
Rupees in possession or spent to be awarded the Wealth Ring
10,000
33.7%
Times the Sign-
Loving Subrosian will turn a blind eye
99
31.7%
Magic Rings Link can collect in just this adventure
46
18.3%
Quiz Playlist
Details
Report
Send in Message
Add To Playlist
More Info:
Answers correspond only to LOZ: Oracle of Seasons, unlinked version. Please disregard any overlap with other entries in the franchise.
Classic:
Type in answers that appear in a list
Forced Order:
Answers have to be entered in order
Random Order:
Randomize order of answers
Quiz Source
Last Updated: Aug 9, 2017
Curator Pick in
Legend of Zelda
Quiz Scoreboard
CHALLENGE
Sign Up to Join the Scoreboard
Show All
Scores
Hide
Comments
May contain spoilers
Recently Published
1-10 Letter E Words III
by El_Dandy
Language
2m
Street Fighter Characters
by Artimus82
Gaming
60s
College Basketball Coaching Resumes
by pancakes188
Sports
9m
More to Explore
Quiz From the Vault
Featured Blog Post
Where Did the Easter Bunny Come From?
hide this ad
You Might Also Like...
Tags
Legend of Zelda Quiz
Nintendo Quiz
Numbers Quiz
Oracle of Seasons/Ages
season
Today's Top Quizzes in Gaming
Browse Gaming
hide this ad
Today's Top Quizzes in Nintendo
Browse Nintendo
Top Contributed Quizzes in Gaming
1
5-to-1: Consoles
2
7-to-1: Board Game Piece Blitz
3
5-to-1: Legend of Zelda
4
League of Legends Pro Players by Career/Team History
5
Destiny 2 exotic weapons by perk icons
6
Ultimate Genshin Impact Logic Puzzle (up to 4.3)
7
Quick Pick: Video Games Lost in Translation
8
Franchise by Action Figure
9
Who's on the WWE 2K24 Cover?
10
Genshin Impact Logic Puzzle Quiz
Explore More
Trending Topics
Kpop
Disney
Anime
NBA
Marvel
Harry Potter
Crossword
The Office
NFL
Song
Country
Pokémon
Soccer
WWE
Puzzle
hide this ad
More By:
RainmanDX
Quiz
Plays
Rating
Category
Featured
Created
Famously Short Surnames
83,272
3.04
Entertainment
Aug 4, 2010
Video Game Before & After Blitz
33,845
4.33
Gaming
Sep 24, 2012
Legend of Zelda: Ocarina of Time by Numbers
29,321
4.49
Gaming
Jun 6, 2010
Legend of Zelda: Breath of the Wild by Numbers
5,881
4.91
Gaming
May 24, 2017
The Legend of Zelda Word Ladders
5,858
4.45
Gaming
Oct 10, 2012
Go to Creator's Profile
Score Distribution
Quiz Creator Spotlight
RainmanDX
Follow
Send a Message
Quizzes Created
-
Created Quiz Play Count
-
More By This Creator
Popular Quizzes Today
1
Find the US States - No Outlines Minefield
2
Find the Countries of Europe - No Outlines Minefield
3
The Countries of the World
4
Find the US States
5
Risky Map Clicking: Biggest States A-Z
6
US States
7
Popular People in 1961
8
Movies - When Are They Set?
More Gaming Quizzes
Pokemon by Letter: V
Quiz Lab
Trending Quizzes
Risky Map Clicking: Least Populous States A-Z
1-10 Letter G Words
USA Borders Longest to Shortest
1-10 Letter F Words
Countries of the World: 200 Million BC
Recently Updated
Leaping Animals
pecheneg
Reality TV Shows (A-Z)
bhenderson79
Rickey Henderson's Hall of Fame Teammates
pecheneg
Champions League XIs: Arsenal
pecheneg
Quick Pick: Celebrities in WWE's Hall of Fame
aduchscher
A-Z Keypad Blitz II
pecheneg
Multiple Oscar Actors
pecheneg
Mystery Phrase Blitz: Oscar 'Best Actors'
pecheneg
F. Scott Fitzgerald Novels
LTH
Pick 3 Villains
ddd62291
Trending Topics
Disney
Anime
Harry Potter
Crossword
Marvel
NBA
Kpop
Pokémon
The Office
NFL
Puzzle
WWE
Song
Soccer
Country
Your Account Isn't Verified!
In order to create a playlist on Sporcle, you need to verify the email address you used during registration. Go to your
Sporcle Settings
to finish the process.
Report this User
Report this user for behavior that violates our
Community Guidelines
.
Details:
Send Report
Go to the Sporcle.com Mobile Site →
Comments